载入...
We do it for Jesus. Mother Teresa and her missionaries of charity /
| 主要作者: | |
|---|---|
| 语言: | Undetermined |
| 出版: |
Calcutta :
Oxford University Press ,
1998.
|
| LEADER | 00486nam a2200133Ia 4500 | ||
|---|---|---|---|
| 001 | 75601 | ||
| 008 | 170722s9999 xx 000 0 und d | ||
| 100 | |a Lejoly, E. | ||
| 245 | |a We do it for Jesus. Mother Teresa and her missionaries of charity / | ||
| 260 | |a Calcutta : |b Oxford University Press , |c 1998. | ||
| 300 | |c 21cms | ||
| 942 | |c GEN | ||
| 999 | |c 118102 |d 118102 | ||
| 952 | |0 0 |1 0 |4 0 |6 Q_62WN101_L7 |7 0 |9 166919 |a LIB |b LIB |d 2017-08-12 |l 3 |o Q62wN101 L7 |p 231940 |r 2018-07-25 |s 2018-07-05 |v 225.00 |w 2017-08-12 |y GEN | ||